Foundations of general topology / (Record no. 12154)
[ view plain ]
| 000 -LEADER | |
|---|---|
| fixed length control field | 01149cam a22003371 4500 |
| 001 - CONTROL NUMBER | |
| control field | 7501832 |
| 005 - DATE AND TIME OF LATEST TRANSACTION | |
| control field | 20240818092926.0 |
| 008 - FIXED-LENGTH DATA ELEMENTS--GENERAL INFORMATION | |
| fixed length control field | 730124s1963 enk b 000 0 eng |
| 010 ## - | |
| -- | 62009189 |
| 015 ## - | |
| -- | GB63-18708 |
| 035 ## - SYSTEM CONTROL NUMBER | |
| System control number | (OCoLC)546046 |
| 040 ## - CATALOGING SOURCE | |
| Original cataloging agency | DLC |
| Transcribing agency | ODaWU |
| Modifying agency | OCoLC |
| -- | Uk |
| -- | DLC |
| 041 1# - LANGUAGE CODE | |
| Language code of text/sound track or separate title | engund |
| 042 ## - | |
| -- | premarc |
| 050 00 - LIBRARY OF CONGRESS CALL NUMBER | |
| Classification number | QA611 |
| Item number | .C783 1963 |
| 082 ## - DEWEY DECIMAL CLASSIFICATION NUMBER | |
| Classification number | 513.83 |
| Item number | CAS |
| 100 1# - MAIN ENTRY--PERSONAL NAME | |
| Personal name | Csaszar, Akos. |
| 9 (RLIN) | 7379 |
| 245 10 - TITLE STATEMENT | |
| Title | Foundations of general topology / |
| Statement of responsibility, etc | Akos Csaszar; transalted by K. Csaszar. |
| 260 ## - | |
| -- | Oxford : |
| -- | Pergamon Press, |
| -- | c1963. |
| 300 ## - PHYSICAL DESCRIPTION | |
| Extent | xix, 380 p. |
| Dimensions | 23 cm. |
| 336 ## - CONTENT TYPE | |
| Source | rdacontent |
| Content type term | text |
| Content type code | txt |
| 337 ## - MEDIA TYPE | |
| Media type term | unmediated |
| Source | rdamedia |
| Media type code | n |
| 338 ## - CARRIER TYPE | |
| Carrier type term | volume |
| Carrier type code | nc |
| Source | rdacarrier |
| 490 1# - SERIES STATEMENT | |
| Series statement | International series of monographs on pure and applied mathematics ; |
| Volume number/sequential designation | v. 35. |
| 504 ## - BIBLIOGRAPHY, ETC. NOTE | |
| Bibliography, etc | Includes bibliographical references and index. |
| 650 #0 - SUBJECT ADDED ENTRY--TOPICAL TERM | |
| Topical term or geographic name as entry element | Topology. |
| 9 (RLIN) | 7380 |
| 700 1# - ADDED ENTRY--PERSONAL NAME | |
| Personal name | Csaszar, K. |
| 9 (RLIN) | 7381 |
| 830 #0 - | |
| -- | International series of monographs in pure and applied mathematics ; |
| -- | v. 35. |
| -- | 7382 |
| 906 ## - LOCAL DATA ELEMENT F, LDF (RLIN) | |
| a | 7 |
| b | cbc |
| c | oclcrpl |
| d | u |
| e | ncip |
| f | 19 |
| g | y-gencatlg |
| 942 ## - ADDED ENTRY ELEMENTS (KOHA) | |
| Source of classification or shelving scheme | Dewey Decimal Classification |
| Koha item type | |
| Classification part | RDA-MOD |
| Withdrawn status | Lost status | Source of classification or shelving scheme | Damaged status | Not for loan | Collection code | Home library | Current library | Shelving location | Date acquired | Source of acquisition | Cost, normal purchase price | Total Checkouts | Full call number | Barcode | Date last seen | Price effective from | Koha item type |
|---|---|---|---|---|---|---|---|---|---|---|---|---|---|---|---|---|---|
| Dewey Decimal Classification | Alef-Baa | Central Library | Central Library | First floor | 01/07/2009 | 150.00 | 513.83 CAS | 000017259 | 15/07/2025 | 01/07/2009 | Book - Borrowing |